• 首页
  • 本馆介绍
  • 公告通知
  • 最新文献
  • 馆藏检索
  • 电子资源
  • 读者导购
  • 参考咨询
  • 我的图书馆
  • 登录
  • 详细信息显示
  • 放入我的书架
  • 预约/预借图书
  • 作者相关作品
  • 分类相关作品
  • 丛书相关作品
  • 出版社相关作品

书目信息

  • 表格格式
  • 工作单格式
  • 卡片格式
题名:
徽标艺术作品选
    
 
作者: 罗耀辉 编著
分册:  
出版信息: 广州   羊城晚报出版社  2002
页数: 112页
开本: 21cm
丛书名:
单 册:
中图分类: J524.4
科图分类:
主题词: CT--S004096--标志 , 标志--设计--中国--图集
电子资源:
ISBN: 7-80651-157-1
000 01159nam0 2200361 450
000 01122nam0 2200349 450
000 01085nam0 2200337 450
000 01048nam0 2200325 450
000 01048nam0 2200337 450
000 00994nam0 2200313 450
000 00925nam0 2200289 450
000 00888nam0 2200277 450
000 00850nam0 2200265 45
001 012002067387
005 20070729104123.07
010    @a7-80651-157-1@dCNY15.00
035    @a(011001)c2002058930
100    @a20020828d2002 em y0chiy0110 ea
101 0  @achi
102    @aCN@b440000
105    @aa z 000yy
200 1  @a徽标艺术作品选@9hui biao yi shu zuo pin xuan@f罗耀辉编著
210    @a广州@c羊城晚报出版社@d2002
215    @a112页@d21cm
330    @a本书收录了徽标设计图案112例,包括:“广东省大埔制药厂‘竹安’商标”、“广州市大通钟点服务公司”、“中国外汇交易中心”等。
510 1  @aLogo Art Writing Anthology@zeng
606 0  @2CT@3S004096@a标志
606 0  @a标志@x设计@y中国@j图集
690    @aJ524.4@v4
701  0 @a罗耀辉@9luo yao hui@4编著
801  0 @aCN@bTSSF@c20070729
905    @a10447@dJ524.4@e254
    
    徽标艺术作品选/罗耀辉编著.-广州:羊城晚报出版社,2002
    112页;21cm
    
    
    ISBN 7-80651-157-1:CNY15.00
    本书收录了徽标设计图案112例,包括:“广东省大埔制药厂‘竹安’商标”、“广州市大通钟点服务公司”、“中国外汇交易中心”等。
●
相关链接 在E读中查询图书 在五车中查询图书 在当当中查询图书 在豆瓣中查询图书


正题名:徽标艺术作品选     索取号:J524.4/254         预约/预借

序号 登录号 条形码 馆藏地/架位号 状态 备注
1 0784073   207840737   第一样本阅览室/ [索取号:J524.4/254] 在馆    
2 0784074   207840746   第一借阅区/ [索取号:J524.4/254] 在馆    
3 0784075   207840755   第一借阅区/ [索取号:J524.4/254] 在馆    
4 0785059   207850592   第一借阅区/ [索取号:J524.4/254] 在馆    
唐山师范学院图书馆 欢迎您!
大连网信软件有限公司© 版权所有